Russian exercises for Indian students / (Record no. 39315)

MARC details
000 -LEADER
fixed length control field 00740nam a22002057a 4500
005 - DATE AND TIME OF LATEST TRANSACTION
control field 20100804163921.0
010 ## - LCCN (DPL NO)
LC control number ENG-98178
020 ## - INTERNATIONAL STANDARD BOOK NUMBER
International Standard Book Number 9788191002003
Terms of availability 150.00
035 ## - SYSTEM CONTROL NUMBER
System control number EN-81711
037 ## - SOURCE OF ACQUISITION
Source of stock number/acquisition DBAD/PUB
082 ## - DEWEY DECIMAL CLASSIFICATION NUMBER
Classification number 499.175
100 ## - MAIN ENTRY--PERSONAL NAME
Personal name Pande, Hem Chandra
245 ## - TITLE STATEMENT
Title Russian exercises for Indian students /
Statement of responsibility, etc by Hem Chandra Pande
260 ## - PUBLICATION, DISTRIBUTION, ETC. (IMPRINT)
Place of publication, distribution, etc Delhi
Name of publisher, distributor, etc Jaykay Enterprises
Date of publication, distribution, etc 2010
270 ## - ADDRESS
Address WB-27, Street No-1, Shakarpur
City Delhi
Postal code 110092
300 ## - PHYSICAL DESCRIPTION
Extent vi,246p.
Dimensions 22cm (pbk)
650 ## - SUBJECT ADDED ENTRY--TOPICAL TERM
Topical term or geographic name as entry element Russian language- grammer
942 ## - ADDED ENTRY ELEMENTS (KOHA)
Source of classification or shelving scheme Dewey Decimal Classification
Item type English Books
Classification part 499.175
Call number suffix PAN
Holdings
Withdrawn status Lost status Not for loan Collection code Home library Current library Date acquired Source of acquisition Cost, normal purchase price Full call number Barcode Copy number Cost, replacement price Koha item type
    Not For Loan Non-fiction D.B.Act.Division D.B.Act.Division 04/08/2010 DBAD/PUB 150.00 499.175 PAN EN-81711 1 150.00 English Books

© Delhi Public Library
Hit Counter
free hit counter